Library Banner

Hot thought : (Record no. 90792)

MARC details
000 -LEADER
fixed length control field 00685cam a22002174a 4500
001 - CONTROL NUMBER
control field 14259305
005 - DATE AND TIME OF LATEST TRANSACTION
control field 20170204115543.0
008 - FIXED-LENGTH DATA ELEMENTS--GENERAL INFORMATION
fixed length control field 060209s2006 maua b 001 0 eng
020 ## - INTERNATIONAL STANDARD BOOK NUMBER
International Standard Book Number 026220164X (alk. paper)
020 ## - INTERNATIONAL STANDARD BOOK NUMBER
International Standard Book Number 9780262201643
040 ## - CATALOGING SOURCE
Transcribing agency PK-LaUMT
082 00 - DEWEY DECIMAL CLASSIFICATION NUMBER
Classification number 152.4
Edition number 22
Item number THA-H
100 1# - MAIN ENTRY--PERSONAL NAME
Personal name Thagard, Paul
245 10 - TITLE STATEMENT
Title Hot thought :
Remainder of title mechanisms and applications of emotional cognition /
Statement of responsibility, etc Paul Thagard ; in collaboration with Fred Kroon ... [et al.].
260 ## - PUBLICATION, DISTRIBUTION, ETC. (IMPRINT)
Place of publication, distribution, etc Cambridge, Mass. :
Name of publisher, distributor, etc MIT Press,
Date of publication, distribution, etc 2006
300 ## - PHYSICAL DESCRIPTION
Extent xii, 301 p. :
Other physical details ill. ;
Dimensions 24 cm.
500 ## - GENERAL NOTE
General note "A Bradford book."
650 #0 - SUBJECT ADDED ENTRY--TOPICAL TERM
Topical term or geographic name as entry element Emotions and cognition.
700 1# - ADDED ENTRY--PERSONAL NAME
Personal name Kroon, Fred.
942 ## - ADDED ENTRY ELEMENTS (KOHA)
Koha item type Books
Holdings
Withdrawn status Lost status Damaged status Home library Current library Date acquired Full call number Barcode Date last seen Price effective from Koha item type
      UMT Main Campus UMT Main Campus 2017-02-04 152.4 THA-H 105307 2019-05-05 2017-02-04 Books